书目信息 |
| 题名: |
机械设计手册 2
|
|
| 作者: | 成大先 主编 | |
| 分册: | ||
| 出版信息: | 北京 化学工业出版社 2002.09 |
|
| 页数: | [2800]页 | |
| 开本: | 27cm | |
| 丛书名: | ||
| 单 册: | ||
| 中图分类: | TH122-62 | |
| 科图分类: | ||
| 主题词: | 机械设计--手册 , 机械设计 | |
| 电子资源: | ||
| ISBN: | 7-5025-3520-9 | |
| 000 | 00739nam0 2200253 45 | |
| 001 | 012004008758 | |
| 005 | 20040608140506.0 | |
| 010 | @a7-5025-3520-9@b精装@dCNY120.00 | |
| 100 | @a20041103d2002 em y0chiy50 ea | |
| 101 | 0 | @achi |
| 102 | @aCN@b110000 | |
| 105 | @af z 000yy | |
| 200 | 1 | @a机械设计手册 2@Aji xie she ji shou ce 2@f成大先主编@Fcheng da xian zhu bian |
| 205 | @a4版 | |
| 210 | @a北京@c化学工业出版社@d2002.09 | |
| 215 | @a[2800]页@c图@d27cm | |
| 333 | @a机械设计人员和有关工程设计人员的工具书。 | |
| 606 | 0 | @a机械设计@j手册 |
| 606 | 0 | @a机械设计 |
| 690 | @aTH122-62@v4 | |
| 701 | 0 | @a成大先@Acheng da xian@4主编 |
| 801 | 0 | @aCN@bBZT@c20041103 |
| 905 | @aBZT@dTH122-62@e1-2@f2 | |
| 906 | @dCNY120.00@n0@r1 | |
| 机械设计手册 2/成大先主编.-4版.-北京:化学工业出版社,2002.09 |
| [2800]页:图;27cm |
| 使用对象:机械设计人员和有关工程设计人员的工具书。 |
| ISBN 7-5025-3520-9(精装):CNY120.00 |
| ● |
| 相关链接 |
|
|
|
正题名:机械设计手册 2
索取号:TH122-62/1-2
 
预约/预借
| 序号 | 登录号 | 条形码 | 馆藏地/架位号 | 状态 | 备注 |
| 1 | 0372244 | 200933721 | 样本书库/样006架A面4层2列/ [索取号:TH122-62/1-2] | 在馆 | |
| 2 | 0372245 | 200933730 | 教材工具书阅览室/工2架B面4层4列/ [索取号:TH122-62/1-2] | 在馆 |